[Event "BDO Challengers"]
[Site "Haarlem NED"]
[Date "2010.08.21"]
[Round "1"]
[White "Kuipers,S"]
[Black "Admiraal,M"]
[Result "1-0"]
[WhiteElo "2354"]
[BlackElo "2221"]

1.e4 c5 2.Nf3 e6 3.d4 cxd4 4.Nxd4 Nc6 5.Nc3 Qc7 6.Be3 a6 7.Qd2 Nf6 8.O-O-O Bb4
9.f3 Ne5 10.Nb3 b5 11.Qe1 Rb8 12.Qg3 Nh5 13.Qf2 O-O 14.Bc5 Bxc5 15.Qxc5 Qxc5
16.Nxc5 Rb6 17.a4 d6 18.Nb3 b4 19.a5 Rb8 20.Na4 Rd8 21.Nac5 Ra8 22.g3 Nf6
23.Bg2 Nc4 24.Bf1 Ne5 25.Bg2 Nc4 26.Rd4 Ne3 27.Bf1 e5 28.Rd3 Nc4 29.Rd1 Ne3
30.Rd2 Bg4 31.fxg4 dxc5 32.Nxc5 Rxd2 33.Kxd2 Nxc2 34.Kxc2 Rc8 35.Kb3 Rxc5
36.Kxb4 Rc6 37.g5 Ne8 38.Bc4 Nd6 39.b3 Kf8 40.h4 Ke7 41.Rf1 Ke8 42.Rf3 Ke7
43.Rf2 Rc8 44.Bxa6 Rb8+ 45.Ka4 Nxe4 46.Rc2 Kd6 47.b4 Nxg3 48.Bc8 e4 49.a6 e3
50.Bb7 e2 51.Rc6+ Ke5 52.Rc1 Rd8 53.Bf3 Kf4 54.Bxe2 Nxe2 55.Rc7 Nd4 56.a7 Ke5
57.b5 Kd6 58.b6 Ne6 59.Rc1 Ra8 60.Kb5 Nd4+ 61.Ka6 Nc6 62.Rxc6+  1-0

[Event "BDO Premier"]
[Site "Haarlem NED"]
[Date "2010.08.21"]
[Round "1"]
[White "Van Kampen,R"]
[Black "Markgraf,Al"]
[Result "1-0"]
[WhiteElo "2422"]
[BlackElo "2456"]

1.e4 c5 2.Nf3 e6 3.d4 cxd4 4.Nxd4 Nc6 5.Nc3 Qc7 6.Be3 a6 7.Qd2 Nf6 8.O-O-O Bb4
9.f3 O-O 10.g4 b5 11.g5 Ne8 12.Nxc6 dxc6 13.Qf2 Be7 14.f4 f6 15.h4 Rb8 16.Kb1 c5
17.Rg1 c4 18.Ne2 Nd6 19.Bg2 fxg5 20.hxg5 g6 21.Qg3 Bb7 22.Bd4 Bxe4 23.Be5 Bxg2
24.Qxg2 Rbd8 25.Nd4 Qc8 26.Nc6 Nf5 27.Nxd8 Bxd8 28.Rh1 Rf7 29.Qe4 Bb6 30.Bf6 h5
31.Rhe1 Bc7 32.Qc6  1-0

[Event "Centenary GM"]
[Site "Dun Laoghaire IRL"]
[Date "2010.08.22"]
[Round "2"]
[White "Atlas,V"]
[Black "Rochev,Y"]
[Result "1/2-1/2"]
[WhiteElo "2440"]
[BlackElo "2395"]

1.e4 c5 2.Nf3 e6 3.d4 cxd4 4.Nxd4 Nc6 5.Nc3 Qc7 6.g3 a6 7.Bg2 Nf6 8.O-O Be7
9.a4 d6 10.Nce2 O-O 11.b3 e5 12.Nxc6 bxc6 13.c4 Rb8 14.h3 Be6 15.Nc3 Rfd8  1/2-1/2

[Event "9th Open"]
[Site "Istanbul TUR"]
[Date "2010.08.22"]
[Round "3"]
[White "Hakki,I"]
[Black "Uzunoglu,E"]
[Result "1/2-1/2"]
[WhiteElo "2379"]
[BlackElo "2041"]

1.e4 c5 2.Nf3 e6 3.Nc3 Nc6 4.d4 cxd4 5.Nxd4 a6 6.Be2 Nge7 7.Be3 b5 8.O-O Nxd4
9.Qxd4 Nc6 10.Qd2 Qc7 11.Rad1 d6 12.f4 Be7 13.f5 O-O 14.f6 gxf6 15.Bh6 Rd8
16.Rf3 Ne5 17.Rh3 Ng6 18.a3 Bb7 19.Kh1 d5 20.exd5 Bxd5 21.Nxd5 Rxd5 22.Bd3 f5
23.Qe2 Bf6 24.Bc1 Rad8 25.Qh5 Kf8 26.Re1 Qc5 27.Be3 Bd4 28.Qxh7 Ke7 29.Qh6 Bxe3
30.Rhxe3 Qd4 31.Qg5+  1/2-1/2

[Event "TCh-SRB 1st League"]
[Site "Vrnjacka Banja SRB"]
[Date "2010.08.22"]
[Round "2"]
[White "Svetushkin,D"]
[Black "Rajkovic,Du"]
[Result "1-0"]
[WhiteElo "2560"]
[BlackElo "2453"]

1.e4 c5 2.Nf3 e6 3.d4 cxd4 4.Nxd4 Nc6 5.Nc3 Qc7 6.Be3 a6 7.Qd2 Nf6 8.O-O-O Be7
9.f3 b5 10.g4 Ne5 11.g5 Nh5 12.f4 Nc4 13.Bxc4 bxc4 14.Nde2 Rb8 15.Qd4 f6
16.gxf6 Nxf6 17.Rhg1 O-O 18.e5 Ne8 19.Ne4 Qc6 20.N2c3 Rf7 21.Rg3 Kh8 22.Rdg1 Bb7
23.Qd1 Rf5 24.Rh3 Kg8 25.Qg4 Qc7 26.Ng3 Rf7 27.Bd4 Bc5 28.f5 Bxd4 29.Qxd4 exf5
30.Nh5 Be4 31.Nxe4 fxe4 32.Qxe4 h6 33.Rhg3 Qb7 34.Qd4  1-0

[Event "Pan-Armenian Olym"]
[Site "Yerevan ARM"]
[Date "2010.08.22"]
[Round "8"]
[White "Petrosian,DG"]
[Black "Mekhitarian,K"]
[Result "0-1"]
[WhiteElo "2492"]
[BlackElo "2511"]

1.e4 c5 2.Nf3 Nc6 3.d4 cxd4 4.Nxd4 e6 5.Nc3 Qc7 6.Be3 a6 7.Qd2 Nf6 8.O-O-O Be7
9.f3 O-O 10.g4 b5 11.g5 Nh5 12.Nf5 exf5 13.Nd5 Qb7 14.exf5 d6 15.Bd3 Bd8
16.Be4 Ba5 17.b4 Bd8 18.f6 Re8 19.Ne7+ Bxe7 20.fxe7 Be6 21.Qxd6 Rac8 22.Bc5 g6
23.Bxc6 Qxc6 24.Qxc6 Rxc6 25.Rd8 Rc8 26.Rhd1 f6 27.R8d6 Kf7 28.gxf6 Nxf6
29.Rxa6 Nd7 30.Bd6 Bf5 31.Rd2 Ra8 32.Ra5 Nb6 33.Rxb5 Nc4 34.Rd4 Nxd6 35.Rxd6 Rxa2
36.Rc5 Rxe7 37.Kd2 Ra3 38.b5 Rxf3 39.b6 Rf2+ 40.Kc1 Rxh2 41.Rdc6 Rhe2 42.Rc7 Re6
43.Rxe7+ Rxe7 44.c4 Rb7 45.Rc6 Ke7 46.c5 Be4 47.Rc8 Kd7 48.Rf8 Kc6 49.Rc8+ Kb5
50.Re8 Bd5  0-1

[Event "TCh-SRB 1st League"]
[Site "Vrnjacka Banja SRB"]
[Date "2010.08.23"]
[Round "3"]
[White "Pavlovic,Milos"]
[Black "Georgiev,Ki"]
[Result "0-1"]
[WhiteElo "2534"]
[BlackElo "2675"]

1.e4 c5 2.Nf3 e6 3.d4 cxd4 4.Nxd4 Nc6 5.Nc3 d6 6.Be3 Nf6 7.Qd2 Be7 8.f3 O-O
9.O-O-O d5 10.Be2 Nxd4 11.Bxd4 dxe4 12.fxe4 Nd7 13.Kb1 a6 14.Qf4 Bf6 15.Bxf6 Qxf6
16.Qc7 Qd8 17.Qd6 b5 18.e5 Ra7 19.Bf3 Qc7 20.Rhe1 Nb6 21.Ne4 Nc4 22.Qxc7 Rxc7
23.Nd6 Bd7 24.Nxc4 bxc4 25.Rd6 a5 26.Red1 Bb5 27.b3 Rc5 28.a4 Be8 29.Re1 g5
30.Kb2 Kg7 31.Re3 h5 32.Bxh5 Bc6 33.Be2 cxb3 34.cxb3 Bxg2 35.Rg3 Be4 36.Rxg5+ Kh6
37.Rh5+ Kg6 38.Bd1 Bf5 39.h4 Rxe5 40.Rg5+ Kf6 41.Rg3 Rb8 42.Rd4 Bg6 43.Rc3 Rf5
44.Ka3 Rf2 45.h5 Bf5 46.Rc7 Bb1 47.b4 Ke5 48.Rh4 Ra2+ 49.Kb3 Rd2 50.Rc5+ Kd6
51.Rc1 Ba2+ 52.Kc3 Rg2 53.Rc2 axb4+ 54.Rxb4 Rg3+  0-1

[Event "46th Akiba Rubinstein Open A"]
[Site "Polanica Zdroj POL"]
[Date "2010.08.24"]
[Round "6"]
[White "Kumor,L"]
[Black "Dobrowolski,A"]
[Result "1/2-1/2"]
[WhiteElo "2143"]
[BlackElo "2328"]

1.e4 c5 2.Nf3 Nc6 3.d4 cxd4 4.Nxd4 e6 5.Nc3 a6 6.Be3 Nf6 7.Qd2 Bb4 8.f3 d5
9.a3 Qa5 10.Bd3 dxe4 11.Nxc6 bxc6 12.Bxe4 Nxe4 13.fxe4 O-O 14.O-O Bxc3 15.Qxc3 Qxc3
16.bxc3 e5 17.Rab1 Be6 18.Rfd1 Bc4 19.Bc5 Rfd8 20.Kf2 Rxd1 21.Rxd1 Bb5 22.Ke3 f6
23.Rd7 h6 24.Rd6 Rb8 25.Bb4 Rb7 26.Kd2 Kf7 27.c4 Ba4 28.Kc3 Kg6 29.Rd8 a5
30.Bxa5 Rb1 31.Rd2 c5 32.Re2 Kf7 33.Bc7 Ke6 34.Ba5 Bc6 35.Bd8 Rd1 36.Bb6 Kd6
37.a4 Rd4 38.a5 Bxe4 39.g3 Bb7 40.Rd2 Rxd2 41.Kxd2 Ba6 42.Kd3 g5 43.Bd8 f5
44.h4 g4 45.Ke3 Bxc4 46.Bf6 h5 47.Bg7 Ba6 48.Bf6 Bb7 49.Bg7 Kd5 50.Bf6 Ke6
51.Bh8 Bc8 52.Bg7 Kd5 53.Bh8 e4 54.Bf6 Kc4 55.Be5 Kb5 56.Bc7 Kb4 57.Bd6 Kc4
58.Be7 Kb5 59.Bd8 c4 60.c3 Ka4 61.Kd2 Kb3 62.Bf6 Bb7 63.Be5 Kb2 64.Bf4 Ka3
65.Be5 Ka4 66.Bc7 Bc8 67.Bb6 Ba6 68.Bc7 Bb7 69.Bb6 Ba6 70.Bc7 Bc8 71.Bb6 Kb5
72.Bc7 Ba6 73.Ke3 Bc8 74.Kd4 Ba6 75.Bb6 Bb7 76.Bc7 Bc8 77.Bb6 Bb7 78.Bc7 Bc8
79.Bb6 Ba6 80.Bc7 Ka4 81.Ke3 Kb3 82.Be5 Kc2 83.Bd4 Bb7 84.Ke2 Bc8 85.Ke3 Kd1
86.Be5 Ke1 87.Bf4 Kd1 88.Be5 Kc2 89.Bd4 Bb7 90.Ke2 Bc8 91.Ke3 Kd1 92.Be5 Bb7
93.Bf4 Kc2 94.Be5 Ba6 95.Ke2 Bb7 96.Bd4 Bc8 97.Be5 f4 98.Bxf4 Kxc3 99.Be5+ Kb3
100.Kd2 Bb7 101.Bd4 Kb4 102.Bc3+ Ka4 103.Kc2 e3 104.Be1 Ba6 105.Bc3 Bc8 106.Be1 Ba6
107.Kc3 Kxa5 108.Kd4+ Ka4 109.Kxe3 Kb3 110.Kd4 Kc2 111.Ba5 Kd1 112.Kc3 Ke2  1/2-1/2

[Event "TCh-ESP CECLUB Honor"]
[Site "Sestao ESP"]
[Date "2010.08.24"]
[Round "2"]
[White "Ganguly,S"]
[Black "Laznicka,V"]
[Result "1/2-1/2"]
[WhiteElo "2655"]
[BlackElo "2638"]

1.e4 c5 2.Nf3 e6 3.d4 cxd4 4.Nxd4 Nc6 5.Nc3 a6 6.Be2 d6 7.O-O Nf6 8.Be3 Be7
9.f4 O-O 10.a4 Bd7 11.Nb3 Na5 12.e5 Ne8 13.Nxa5 Qxa5 14.Ne4 Qc7 15.a5 Rc8
16.Bb6 Qb8 17.c4 Bc6 18.Qd4 dxe5 19.fxe5 f5 20.exf6 Nxf6 21.Ng5 e5 22.Qh4 h6
23.Ne6 Rf7 24.Rad1 Bd7 25.Nxg7 Rxg7 26.Rxf6 Bxf6 27.Qxf6 Rc6 28.Qh4 Rd6 29.Rf1 Rd2
30.Rf2 Qd6 31.Be3 Rxe2 32.Rxe2 Bc6 33.Rd2 Qg6 34.h3 Bxg2 35.Rd8+ Kh7 36.Qxh6+ Qxh6
37.Bxh6 Rg6 38.Bd2 Bxh3+ 39.Kf2 Be6 40.b3 Rg8 41.Rd6 Rg6 42.Bc3 Bh3 43.Rxg6  1/2-1/2

[Event "6th Geller Memorial Open A"]
[Site "Odessa UKR"]
[Date "2010.08.25"]
[Round "5"]
[White "Spodyniuk,V"]
[Black "Zabgaeva,M"]
[Result "1-0"]
[WhiteElo "1952"]
[BlackElo "1801"]

1.e4 c5 2.Nf3 Nc6 3.d4 cxd4 4.Nxd4 e6 5.Nc3 a6 6.Be3 Qc7 7.Be2 Nf6 8.O-O Bb4
9.Nxc6 bxc6 10.Na4 Rb8 11.Bd3 Be7 12.f4 d5 13.e5 Nd7 14.c4 c5 15.b3 d4 16.Bd2 Bb7
17.Qg4 g6 18.Rae1 a5 19.h4 h5 20.Qh3 Ra8 21.Nb2 Nb6 22.a4 Nd7 23.Bc2 Qd8
24.g3 Ra6 25.Nd3 Nb6 26.Qh2 Na8 27.Qe2 Nc7 28.Nf2 Bxh4 29.gxh4 Qxh4 30.Ne4 Kd8
31.Qf2 Qe7 32.Nd6 Rxd6 33.exd6 Qxd6 34.Be4 Bxe4 35.Rxe4 h4 36.Qh2 Ne8 37.Bxa5+ Kc8
38.f5 Qe7 39.f6 Nxf6 40.Rxf6 Qxf6 41.Qc7+  1-0

[Event "Open"]
[Site "Bratto ITA"]
[Date "2010.08.26"]
[Round "7"]
[White "Olszewski,Mi"]
[Black "Ramiro Ovejero,J"]
[Result "1-0"]
[WhiteElo "2543"]
[BlackElo "2383"]

1.e4 c5 2.Nf3 e6 3.d4 cxd4 4.Nxd4 Nc6 5.Nc3 Qc7 6.f4 a6 7.Be3 b5 8.Qd2 Nf6
9.Nxc6 Qxc6 10.e5 Ng4 11.Bg1 b4 12.Ne2 Be7 13.O-O-O Bb7 14.Ng3 f5 15.Be2 Rd8
16.Bf3 Qc7 17.Qe2 O-O 18.Bxg4 fxg4 19.Qxg4 Qc4 20.Bd4 Rc8 21.Kb1 Qxc2+ 22.Ka1 Bd5
23.b3 Bxb3 24.axb3 Qxb3 25.Rd2 Bc5 26.f5 Qa3+ 27.Kb1 exf5 28.Nxf5 Rxf5 29.Bb2 Qe3
30.e6 Rg5 31.exd7 Rd8 32.Qc4+ Kh8 33.Re2  1-0

[Event "BDO Challengers"]
[Site "Haarlem NED"]
[Date "2010.08.26"]
[Round "6"]
[White "Steadman,M"]
[Black "Manea,Al"]
[Result "0-1"]
[WhiteElo "2277"]
[BlackElo "2390"]

1.e4 c5 2.Nf3 e6 3.d4 cxd4 4.Nxd4 Nc6 5.Nc3 Qc7 6.Ndb5 Qb8 7.a4 Nf6 8.Bd3 Be7
9.f4 d6 10.O-O O-O 11.Be3 Bd7 12.Qf3 Nb4 13.g4 Bxb5 14.Nxb5 Nxd3 15.cxd3 a6
16.Nc3 b5 17.f5 Nd7 18.d4 bxa4 19.Rf2 Qd8 20.Rxa4 Nb6 21.Ra1 Nc4 22.Bf4 Rb8
23.Qd3 Nxb2 24.Qxa6 Qc8 25.Rf3 Nc4 26.Ra4 Qxa6 27.Rxa6 Bf6 28.Ne2 Rb2 29.Rf2 e5
30.g5 Bd8 31.Bc1 Rc2 32.Ra1 Bb6 33.Kf1 Rc8 34.Rf3 exd4 35.Rd3 Ne5 36.Rb3 d3  0-1

[Event "ch-RUS Higher League"]
[Site "Irkutsk RUS"]
[Date "2010.08.26"]
[Round "1"]
[White "Dvoirys,S"]
[Black "Rublevsky,S"]
[Result "1/2-1/2"]
[WhiteElo "2569"]
[BlackElo "2688"]

1.e4 c5 2.Nf3 e6 3.d4 cxd4 4.Nxd4 Nc6 5.Nc3 a6 6.f4 Nxd4 7.Qxd4 b5 8.a4 b4
9.Nb1 Bb7 10.Nd2 d5 11.Bd3 Qc7 12.Nb3 dxe4 13.Bxe4 Nf6 14.Bxb7 Qxb7 15.O-O Rc8
16.Qd3 Be7 17.Be3 O-O 18.Bd4 Rfd8 19.Rae1 Qc6 20.f5 Qxc2 21.Qxc2 Rxc2 22.fxe6 Rc4
23.Rf4 Re8 24.Kf1 Bd6 25.Rh4 Rcc8 26.Bxf6 gxf6 27.exf7+ Kxf7 28.Rxh7+ Kg6
29.Rxe8 Rxe8 30.Rh4 Rc8 31.Rd4 Bxh2 32.Rxb4 Be5 33.Nd2 a5 34.Rc4 Rd8 35.Rc2 Rb8
36.Nc4 Rb4 37.Nxa5 Rxa4 38.Nc4 Bd4 39.Ke2 f5 40.Kd3 Bf6 41.Re2 Rb4 42.Re6 Kg5
43.Rb6 Rxb6 44.Nxb6 Bxb2  1/2-1/2

[Event "1st Fermo Festival"]
[Site "Porto San Giorgio ITA"]
[Date "2010.08.26"]
[Round "6"]
[White "Calella,S"]
[Black "Cordova,E"]
[Result "0-1"]
[WhiteElo "2040"]
[BlackElo "2560"]

1.e4 c5 2.Nf3 e6 3.d4 cxd4 4.Nxd4 Nc6 5.Nc3 Qc7 6.Be3 a6 7.Be2 Nf6 8.a3 Nxd4
9.Qxd4 Bd6 10.Qb6 Qxb6 11.Bxb6 Be5 12.f3 d6 13.O-O-O h5 14.Bd4 Bd7 15.g3 h4
16.g4 g5 17.Be3 Rg8 18.Bd4 Ke7 19.Bxe5 dxe5 20.Rd2 Rgc8 21.Nd1 Rc7 22.Ne3 b5
23.Kb1 a5 24.Rc1 Be8 25.c4 b4 26.b3 bxa3 27.Ka2 Nd7 28.Kxa3 Nc5 29.Ng2 Rb8
30.Rb1 Rcb7 31.Rdb2 Rb4 32.Ne1 Kd6 33.Nd3 Nxd3 34.Bxd3 Kc5 35.Bc2 Bc6 36.Rd1 a4
37.Rd3 Ra8 38.bxa4 Bxa4 39.Rxb4 Bxc2+ 40.Kb2 Bxd3  0-1

[Event "6th Open"]
[Site "Dieppe FRA"]
[Date "2010.08.27"]
[Round "7"]
[White "Daurelle,H"]
[Black "Navrotescu,C"]
[Result "0-1"]
[WhiteElo "2239"]
[BlackElo "2439"]

1.e4 c5 2.Nf3 e6 3.d4 cxd4 4.Nxd4 Nc6 5.Nc3 Qc7 6.Be2 a6 7.O-O Nf6 8.Be3 Bb4
9.Na4 Bd6 10.g3 b5 11.Nb6 Rb8 12.Nxc8 Rxc8 13.Nxc6 Qxc6 14.c4 b4 15.c5 Be5
16.Qd2 Nxe4 17.Qxb4 Rb8 18.Qa5 Bxb2 19.Rab1 O-O 20.Bd3 f5 21.f3 Nf6 22.Qxa6 Qxa6
23.Bxa6 Nd5 24.Bf2 Rb4 25.Rbe1 Ra8 26.Bd3 Kf7 27.Bb1 Ra3 28.Rd1 Rxf3 29.Kg2 Rxf2+
30.Kxf2 Bd4+ 31.Kf3 Bxc5 32.Rfe1 Rb2 33.Re2 Rxe2 34.Kxe2 Nc3+ 35.Kd2 Nxd1
36.Kxd1 h5 37.Ke2 g5 38.h3 Kf6 39.a4 Bb4 40.Kf3 Ke5 41.g4 fxg4+ 42.hxg4 h4
43.Bd3 Kd4 44.Bf1 d5 45.Ba6 e5 46.Bf1 e4+ 47.Ke2 Ke5  0-1

[Event "7th Open"]
[Site "Kalamaria GRE"]
[Date "2010.08.27"]
[Round "3"]
[White "Radulski,J"]
[Black "Shavtvaladze,N"]
[Result "1/2-1/2"]
[WhiteElo "2574"]
[BlackElo "2424"]

1.e4 c5 2.Nf3 e6 3.d4 cxd4 4.Nxd4 Nc6 5.Nc3 Qc7 6.g3 a6 7.Bg2 Nf6 8.O-O Nxd4
9.Qxd4 Bc5 10.Qd3 Ng4 11.Bf4 Ne5 12.Bxe5 Qxe5 13.Kh1 Qc7 14.f4 d6 15.Rad1 Bd7
16.f5 Rd8 17.f6 gxf6 18.Rxf6 Bc6 19.Rdf1 Rd7 20.Nd5 exd5 21.exd5 Bb5 22.c4 Ba4
23.b3 h5 24.bxa4 Re7 25.Bh3 h4 26.gxh4 Rxh4 27.Qg6 Rh8 28.Rxf7 Rxf7 29.Be6 Rf8
30.Bxf7+ Kd8 31.a5 Qe7 32.Qe6 Qg5 33.a4 Qh4 34.Qf5 Rh8 35.Qf6+ Qxf6 36.Rxf6 Ke7
37.Rf5 Rf8 38.Be6 Rxf5 39.Bxf5 b6 40.axb6 Bxb6 41.Kg2 Kf6 42.Bc8 a5 43.Kg3 Ke5
44.Kg4 Bg1 45.h3 Be3 46.Bd7 Bd2 47.Bb5 Be3 48.Kh5 Kf6 49.Be8 Ke7 50.Bc6 Kf6
51.Bb5 Kf5 52.Bd7+ Kf6 53.Kg4 Ke5 54.Bb5 Bd2 55.Kf3 Bg5 56.Ba6 Bc1 57.Bb5 Bg5
58.Kg4 Bd2 59.Kh5 Kf6 60.h4 Be3 61.Be8 Kf5 62.Bc6 Bd2 63.Bd7+ Kf6 64.Kg4 Ke5
65.Bb5 Bc1 66.Kf3 Bh6 67.Ke2 Kd4 68.Ba6 Ke4 69.Bb5 Kd4 70.Kf3 Bd2 71.h5 Bc1
72.Kg3 Ke5 73.Kf2 Kd4 74.Kf3 Ke5 75.Ba6 Kd4 76.Kg4 Ke5 77.Bb7 Bd2 78.Bc6 Bc1
79.Kf3 Bh6 80.Bb5 Bc1 81.Kf2 Kd4 82.Ke2 Bh6 83.Kf3  1/2-1/2

[Event "46th Akiba Rubinstein Open A"]
[Site "Polanica Zdroj POL"]
[Date "2010.08.27"]
[Round "9"]
[White "Bielinski,D"]
[Black "Janocha,W"]
[Result "1-0"]
[WhiteElo "2249"]
[BlackElo "2304"]

1.e4 c5 2.Nf3 e6 3.Nc3 Nc6 4.d4 cxd4 5.Nxd4 d6 6.Be3 Nf6 7.Qd2 Ng4 8.Bg5 Qb6
9.Nb3 h6 10.Bh4 g5 11.Bg3 a6 12.O-O-O Qc7 13.h4 Rg8 14.hxg5 hxg5 15.Kb1 Bd7
16.f3 Nge5 17.Bf2 b5 18.Ne2 Nc4 19.Qc1 a5 20.Ned4 N6e5 21.Nd2 a4 22.a3 b4
23.Nxc4 Nxc4 24.axb4 a3 25.Bxc4 axb2 26.Qxb2 Qxc4 27.Qb3 Qa6 28.Kc1 Bg7 29.Kd2 Ba4
30.Qd3 Qb6 31.Ke2 Qxb4 32.Rb1 Qa5 33.Ra1 Kd7 34.Nb3 Qb5 35.Nc5+ Ke7 36.Rxa4 Qxd3+
37.Kxd3 dxc5 38.Bxc5+ Kd7 39.Rxa8 Rxa8 40.Rh7 Rg8 41.g4 Kc6 42.Be7 f6 43.e5 f5
44.Kd4 fxg4 45.fxg4 Bf8 46.Ke4 Kb5 47.Rf7 Bxe7 48.Rxe7 Rf8 49.Rxe6 Rf4+ 50.Kd5 Rxg4
51.Rd6 Rg1 52.e6 Rd1+ 53.Ke5 Re1+ 54.Kf6 g4 55.e7 g3 56.Re6  1-0

[Event "ch-RUS Higher League w"]
[Site "St Petersburg RUS"]
[Date "2010.08.27"]
[Round "2"]
[White "Kindinova,E"]
[Black "Stepovaia,T"]
[Result "0-1"]
[WhiteElo "2185"]
[BlackElo "2375"]

1.e4 c5 2.Nf3 e6 3.d4 cxd4 4.Nxd4 Nc6 5.Nc3 Qc7 6.Be2 a6 7.O-O b5 8.Nxc6 dxc6
9.Be3 Bb7 10.f4 Be7 11.Qe1 c5 12.f5 Nf6 13.fxe6 fxe6 14.Bf4 e5 15.Bg5 O-O
16.Bf3 b4 17.Bxf6 bxc3 18.Bxe7 cxb2 19.Bxf8 bxa1=Q 20.Qxa1 Rxf8 21.Qc3 g6
22.Qc4+ Kg7 23.Rd1 Rf6 24.Rd3 Rd6 25.h4 Rxd3 26.cxd3 Qd6 27.Kh2 Bc8 28.Qc1 Qe7
29.Qg5 Qd6 30.h5 Be6 31.a3 Bf7 32.h6+ Kf8 33.Kg3 Bb3 34.Be2 Kf7 35.Kh4 Qf6
36.Qxf6+ Kxf6 37.Kg3 Kg5 38.Kf3 Kxh6 39.Ke3 Kg5 40.Bf3 h5 41.Be2 Bf7 42.Bd1 Kf6
43.Kf3 g5 44.Kg3 h4+ 45.Kg4 Be8 46.Bb3 Bb5 47.Bc2 Kg6 48.Kf3 Bd7 49.Bb3 g4+
50.Kf2 g3+ 51.Kf3 Kg5 52.Ke3 h3 53.gxh3 Kh4  0-1

[Event "Open"]
[Site "Baku AZE"]
[Date "2010.08.29"]
[Round "7"]
[White "Mammadov,A"]
[Black "Sulashvili,M"]
[Result "1/2-1/2"]
[WhiteElo "2327"]
[BlackElo "2498"]

1.e4 c5 2.Nf3 e6 3.d4 cxd4 4.Nxd4 Nc6 5.Nc3 Qc7 6.Be2 a6 7.O-O Nf6 8.Be3 Bb4
9.Na4 Be7 10.Nxc6 bxc6 11.Nb6 Rb8 12.Nxc8 Qxc8 13.Bd4 c5 14.Be5 Rb6 15.Qd3 d6
16.Bc3 O-O 17.b3 Nd7 18.Rad1 Bf6 19.Ba5 Rc6 20.Qg3 Ne5 21.Bc3 Qc7 22.f4 Nd7
23.Bxf6 Nxf6 24.e5 dxe5 25.fxe5 Ne4 26.Qe3 Qxe5 27.Bd3 f5 28.Rde1 Rd8 29.Bxe4 Qxe4
30.Qxe4 fxe4 31.Rxe4 c4 32.bxc4 Rd2 33.Rf2 Rd1+ 34.Rf1 Rd2  1/2-1/2

[Event "Open"]
[Site "Baku AZE"]
[Date "2010.08.29"]
[Round "7"]
[White "Sutovsky,E"]
[Black "Safarli,E"]
[Result "1/2-1/2"]
[WhiteElo "2665"]
[BlackElo "2603"]

1.e4 c5 2.Nf3 e6 3.Nc3 Nc6 4.d4 cxd4 5.Nxd4 Qc7 6.g3 a6 7.Bg2 Nf6 8.O-O h5
9.h3 Bc5 10.Be3 d6 11.Qd2 Ne5 12.b3 h4 13.f4 Ng6 14.g4 e5 15.fxe5 dxe5 16.Nf5 Bxf5
17.exf5 Nf4 18.Rae1 Rd8 19.Qf2 Nxg2 20.Bxc5 Nxe1 21.Rxe1  1/2-1/2

[Event "ch-RUS Higher League"]
[Site "Irkutsk RUS"]
[Date "2010.08.29"]
[Round "4"]
[White "Kurnosov,I"]
[Black "Khairullin,I"]
[Result "1/2-1/2"]
[WhiteElo "2662"]
[BlackElo "2620"]

1.e4 c5 2.Nf3 e6 3.d4 cxd4 4.Nxd4 Nc6 5.Nc3 Qc7 6.Be3 Nf6 7.f4 Bb4 8.Nb5 Qa5
9.e5 Nd5 10.Bd2 Nxc3 11.Nxc3 d5 12.a3 Be7 13.Bd3 Qb6 14.Qf3 Bd7 15.O-O-O Rc8
16.Rhf1 a6 17.Be1 Qc7 18.Qg4 g6 19.Bh4 Qd8 20.Bxe7 Qxe7 21.h4 h5 22.Qg5 Na5
23.Ne2 Qc5 24.Rf3 Nc6 25.Kb1 Ne7 26.Qf6 Rf8 27.Qg5 Bb5 28.Nd4 Bxd3 29.Rfxd3 Nc6
30.Rc3 Qe7 31.Qg3 Kd7 32.Rb3 Na5 33.Rb4 Kc7 34.Ra4 Nc4 35.Ka2 Kb8 36.b3 Nb6
37.Rb4 Nd7 38.Kb2 Nc5 39.Qe1 Ne4 40.Rd3 Rc7 41.c3 Rfc8 42.Ne2 Qc5 43.Rbd4 Qb6
44.Rb4 Qc5 45.Rbd4 a5 46.Rf3 Qb6 47.Qd1 Nc5 48.a4 Ne4 49.Qg1 Nc5 50.Qd1 Ne4
51.Qg1 Qa6 52.Qd1 b5 53.Re3 Nc5 54.axb5 Qxb5 55.Rd2 Qb6 56.Ka2 Ne4 57.Rxe4 dxe4
58.Rd4 e3 59.Qd3 Rb7 60.Nc1 Qc6 61.Ne2 Qxg2 62.Rd6 Qh2 63.Ra6 Rxc3 64.Qd6+ Rcc7
65.Qd8+ Rc8 66.Qd6+ Rcc7 67.Qd8+ Rc8 68.Qd6+  1/2-1/2

[Event "7th Open"]
[Site "Kalamaria GRE"]
[Date "2010.08.29"]
[Round "5"]
[White "Radulski,J"]
[Black "Baghdasaryan,V"]
[Result "1-0"]
[WhiteElo "2574"]
[BlackElo "2229"]

1.e4 c5 2.Nc3 e6 3.Nf3 Nc6 4.d4 cxd4 5.Nxd4 Qc7 6.g3 a6 7.Bg2 d6 8.O-O Be7
9.Re1 Bd7 10.Nxc6 Bxc6 11.Ne2 Nf6 12.Nd4 d5 13.Bf4 Qb6 14.Nf5 exf5 15.exd5 Bxd5
16.Bxd5 O-O-O 17.c4 Bb4 18.Re2 Bd6 19.Qc2 Nxd5 20.Qxf5+ Kb8 21.cxd5 Bxf4
22.Qxf4+ Qc7 23.Qd4 f6 24.Rae1 Rd7 25.Re8+ Rxe8 26.Rxe8+ Rd8 27.Qe4 h6 28.Kg2 Qd7
29.Re7 Qb5 30.Rxg7 Qxb2 31.a4 f5 32.Qf4+ Ka8 33.Qc7 Rxd5 34.Rg8+ Ka7 35.a5 Qe5
36.Qb6+  1-0

[Event "25th Open"]
[Site "Schwarzach AUT"]
[Date "2010.08.29"]
[Round "9"]
[White "Burg,T"]
[Black "Palac,M"]
[Result "1/2-1/2"]
[WhiteElo "2449"]
[BlackElo "2562"]

1.e4 c5 2.Nf3 Nc6 3.d4 cxd4 4.Nxd4 e6 5.Nc3 Qc7 6.Be2 Nf6 7.Be3 a6 8.a3 d6
9.f4 Be7 10.g4 Nd7 11.g5 Na5 12.Qd2 b5 13.O-O-O Bb7 14.h4 Nb6 15.f5 Nbc4
16.Bxc4 Nxc4 17.Qf2 Qd7 18.Rhf1 O-O-O 19.Nde2 h6 20.Kb1 hxg5 21.hxg5 Rh3
22.Bc1 Rdh8 23.b3 Ne5 24.g6 exf5 25.gxf7 fxe4 26.Nd5 Bxd5 27.Rxd5 Rf3 28.Qg1 Rxf1
29.Qxf1 Rf8 30.Bb2 Rxf7 31.Qh1 Nf3 32.Qh7 Qe6 33.Qg8+ Bd8 34.Nf4 Qd7 35.Rxd6 Qxd6
36.Qxf7 Qd1+ 37.Ka2 Qxc2 38.Qe6+ Kb7 39.Qd5+ Kc8 40.Qe6+ Kb7 41.Qd5+ Kc8
42.Qe6+  1/2-1/2

[Event "TCh-SRB 1st League"]
[Site "Vrnjacka Banja SRB"]
[Date "2010.08.29"]
[Round "9"]
[White "Pikula,D"]
[Black "Rajkovic,Du"]
[Result "1-0"]
[WhiteElo "2547"]
[BlackElo "2453"]

1.e4 c5 2.Nf3 e6 3.d4 cxd4 4.Nxd4 Nc6 5.Nc3 Qc7 6.Be3 a6 7.Qd2 Nf6 8.O-O-O Be7
9.f3 h5 10.Nxc6 bxc6 11.Bf4 e5 12.Bg5 a5 13.Bc4 a4 14.a3 Qb6 15.f4 Bc5 16.fxe5 Ng4
17.e6 fxe6 18.Bxe6 Be3 19.Bxe3 Qxe3 20.Bxg4 Qxd2+ 21.Rxd2 hxg4 22.Rd4 Ra5
23.g3 Rah5 24.Nxa4 Ba6 25.Rd2 Bc4 26.b4 Rh3 27.Rhd1 Rxh2 28.Rxd7 O-O 29.Rd8 Rg2
30.Nb6 Be2 31.Rxf8+ Kxf8 32.Rd2 Rg1+ 33.Kb2 Bf3 34.a4 Bxe4 35.a5 Rxg3 36.a6 c5
37.Nd7+ Ke7 38.Nxc5 Bh1 39.a7 Rh3 40.Rd1 Bf3 41.Rd7+ Kf6 42.Rd8 Kg6 43.Ne6 Kf5
44.Nf4  1-0

[Event "ch-RUS Higher League"]
[Site "Irkutsk RUS"]
[Date "2010.08.30"]
[Round "5"]
[White "Geller,J"]
[Black "Ginzburg,Y"]
[Result "1-0"]
[WhiteElo "2539"]
[BlackElo "2406"]

1.e4 c5 2.Nf3 e6 3.d4 cxd4 4.Nxd4 Nc6 5.Nc3 a6 6.Be3 Qc7 7.Qd2 b5 8.O-O-O Nf6
9.Bf4 Qb6 10.Nxc6 Qxc6 11.f3 Bb7 12.g4 b4 13.Ne2 Rc8 14.Nd4 Qa4 15.Kb1 d5
16.g5 Nd7 17.Bh3 Nc5 18.exd5 Bxd5 19.b3 Qa3 20.c4 Bxc4 21.bxc4 Be7 22.Nb3 O-O
23.Qb2 Qxb2+ 24.Kxb2 Na4+ 25.Ka1 Rxc4 26.Be3 f5 27.Rd7 Kf7 28.Bf1 Rc6 29.Nd4 Rd6
30.Rxd6 Bxd6 31.Bc4 Nc5 32.Nxf5 Be5+ 33.Bd4 Bxd4+ 34.Nxd4 Rd8 35.Nxe6 Nxe6
36.Re1 Kg6 37.Rxe6+ Kxg5 38.Rxa6 Rd4 39.Bg8 Rh4 40.Ra7 Kf6 41.Rf7+ Kg6 42.Rb7 h5
43.Bd5 Kf6 44.Kb2 Rxh2+ 45.Kb3 h4 46.Rxb4 g5 47.Be4 h3 48.Rb6+ Ke5 49.Rb5+ Kf4
50.Rf5+ Ke3 51.Rxg5 Re2 52.Rh5 h2 53.a4  1-0

[Event "9th Georgiev-Kesarovski Mem"]
[Site "Sunny Beach BUL"]
[Date "2010.08.30"]
[Round "3"]
[White "Kaderabek,J"]
[Black "Mitkov,M"]
[Result "0-1"]
[WhiteElo "2192"]
[BlackElo "2398"]

1.e4 c5 2.Nf3 e6 3.d4 cxd4 4.Nxd4 Nc6 5.Nc3 Qc7 6.Be2 a6 7.O-O Nf6 8.Be3 Bb4
9.Na4 Be7 10.Nxc6 bxc6 11.Nb6 Rb8 12.Nxc8 Qxc8 13.e5 Nd5 14.Bc1 Bc5 15.c4 Ne7
16.b3 Qc7 17.Bb2 d6 18.Qd3 dxe5 19.Qg3 Nf5 20.Qxe5 Bd6 21.Qe4 Bxh2+ 22.Kh1 O-O
23.Bg4 Qf4 24.Qxf4 Bxf4 25.g3 Bd2 26.Rad1 Rfd8 27.Ba3 Bc3 28.Bc1 Bd4 29.Rd2 c5
30.Bxf5 exf5 31.Rfd1 Re8 32.Kg2 g6 33.Bb2 Bxb2 34.Rxb2 a5 35.Rd5 Rec8 36.Re2 a4
37.Re7 axb3 38.axb3 Rc6 39.Rdd7 Rf6 40.Rd3 Rc8 41.Kf3  0-1

[Event "9th Georgiev-Kesarovski Mem"]
[Site "Sunny Beach BUL"]
[Date "2010.08.30"]
[Round "3"]
[White "Lamorelle,J"]
[Black "Daskalov,D"]
[Result "1/2-1/2"]
[WhiteElo "2278"]
[BlackElo "2021"]

1.e4 c5 2.Nc3 Nc6 3.Nf3 e6 4.d4 cxd4 5.Nxd4 a6 6.Nxc6 dxc6 7.Bd3 Nf6 8.e5 Nd5
9.Ne4 f5 10.exf6 Nxf6 11.Bg5 Qa5+ 12.Bd2 Bb4 13.Nd6+ Ke7 14.Nxc8+ Raxc8 15.c3 Bd6
16.Qe2 Rb8 17.b4 Qe5 18.Qxe5 Bxe5  1/2-1/2

[Event "17th Open A"]
[Site "Graz AUT"]
[Date "2010.08.31"]
[Round "4"]
[White "Buzeti,J"]
[Black "Huber,Ad"]
[Result "1-0"]
[WhiteElo "2251"]
[BlackElo "2072"]

1.e4 c5 2.Nf3 Nc6 3.Nc3 e6 4.d4 cxd4 5.Nxd4 d6 6.Be3 Nf6 7.f3 Be7 8.Qd2 Bd7
9.Ndb5 d5 10.exd5 Nxd5 11.Nxd5 exd5 12.Qxd5 Nb4 13.Qd2 a6 14.Nd4 Nd5 15.O-O-O Nxe3
16.Qxe3 O-O 17.Kb1 Bf6 18.Nb3 Qc7 19.Bd3 Rfe8 20.Qc5 Bc6 21.Qf5  1-0

[Event "17th WGM"]
[Site "Graz AUT"]
[Date "2010.08.31"]
[Round "4"]
[White "Lujan,C"]
[Black "Pertlova,S"]
[Result "1-0"]
[WhiteElo "2296"]
[BlackElo "2206"]

1.e4 c5 2.Nf3 e6 3.d4 cxd4 4.Nxd4 Nc6 5.Nc3 a6 6.Nxc6 bxc6 7.e5 Qc7 8.Qe2 a5
9.f4 Ba6 10.Qf3 Bxf1 11.Rxf1 f5 12.b3 Nh6 13.h3 Nf7 14.Bb2 Be7 15.O-O-O O-O
16.Na4 Kh8 17.Kb1 Rab8 18.g4 Nh6 19.Rd3 Rb7 20.Rfd1 Qc8 21.g5 Ng8 22.Qf2 c5
23.c4 Qc6 24.Ka1 Rd8 25.Qd2 Qc7 26.Bc3 Ra7 27.h4 h5 28.Rd6 g6 29.Qe3 Kg7
30.Nxc5 Kf8 31.Rxd7 Rxd7 32.Nxd7+ Kf7 33.Qb6 Qxb6 34.Nxb6  1-0